000 00448nam a2200181Ia 4500
001 18315
005 20260306171621.0
008 260306s9999||||xx |||||||||||||| ||und||
041 _aESP
082 _a658.403
_bB53
100 _aBierman Jr., Harold
_eAUT
245 0 _aAnálisis cuantitativo para la toma de decisiones
260 _c1996
300 _a756 páginas :
_c23 cm.
650 _aGEN
654 _aCAN
942 _cLIB
_dJUS
_fJUS
_2ddc
_n
999 _c18315
_d18315